000 00752nam a2200205 4500
001 148488
003 ES-MaACL
007 t|
008 070214s1941 mx r ||||1| spa d
100 1 _aStrigl, Richard V.
_9108431
245 1 0 _aCurso medio de Economía /
_cRichard V. Strigl ; versión española de M. Sánchez Sarto.
250 _a[1ª ed. española].
260 _aMéxico :
_bFondo de Cultura Económica,
_c[1941] (
_fArtes Gráficas Comerciales)
300 _a283 p. :
_bil. ;
_c20 cm.
490 1 _aSección de Economía. II. Manuales introductorios
700 1 _aSánchez Sarto, Manuel.
_9102931
830 0 _aSección de Economía. II. Manuales introductorios
_9221016
852 _aES-MaACL
_jE-537
_bR.26717
999 _c148488
_d148488